000 00393 a2200169 4500
001 181455
020 _a978-85-349-2703-1
040 _cMagnum
100 _aBrito, Antonio Iraildo Alves de
240 1 0 _aCidadania em ritmo de cordel
_lpor
245 1 0 _aCidadania em ritmo de cordel
300 _a32
362 0 _a2007
440 1 _aPaulus
697 _aLITERATURA JUVENIL
942 _cBK
999 _c181455
_d181455